000 00812nam a22002657a 4500
001 8827
003 FISKH
005 20251022091929.0
008 251022b cb ||||| |||| 00| 0 eng d
020 _a9780439350730
040 _aFISKH
_beng
_cFISKH
_dFISKH
082 _a362.7
100 _aPistone, Paul
245 _aMy life /
_cby Paul Pistone ; illustrated by Dorothy Donohue
260 _aNew York :
_bScholastic,
_c2002.
300 _a16 pages :
_bcolor illustrations ;
_c25 cm
505 _aJ
520 _aStory about little boy born in March through 7 years. 2nd Grade reading level. Very cute story.
521 8 _a430
_bLexile
521 8 _aJ
_bRaz-Plus
650 _aAutobiography
_vCalendar
700 _aDonohue, Dorothy
_eillustrator
942 _2ddc
_cBK
_n0
999 _c8827
_d8827